000 00286nam a2200109Ia 4500
008 220204s9999 xx 000 0 und d
082 _a678.01:53
_bBIK
245 0 _aMechanical properties of polymers
260 _aNew York
_bJohn Wiley
_c1971
700 _aBikales, Norbert M
942 _cBK
999 _c24416
_d24416